00681nam a2200241 a 4500001001300000003000900013005001700022008004100039020001000080082002100090100001600111245001600127260004400143300000900187500003500196505001000231650001600241700001600257902000800273942000700281952013400288999001700422nice12345678IN_TiNIC20260116013737.0050524s1997 lona grp 000 0 eng  ac17500a306.0899145bFUL aFuller, C J aCaste Today aLondan bOxford University Press c1997 a295p aincludes index and biblioraphy2 aIndex aCaste-India1 aFuller, C J bSRS cBK 001040708StackRoom-aHMIbHMId2007-03-30g175.00l2o306.0899145 FULp018609r2022-11-18s2022-11-11v175.00w2005-05-24yBK c12263d12263